000 00693nam a2200277Ia 4500
005 20260324134144.0
008 008 260324s9999 xx 000 0 eng d
020 _a9780429174926
037 _aEBOOK
040 _aCRL
040 _beng
040 _cCRL
041 _2eng
041 _aeng
084 _qCRL
100 _aYu. A. Mitropolsky; V.L. Kulik; A.M. Samoilenko
_91195778
245 0 _aDichotomies and Stability in Nonautonomous Linear Systems
260 _bTaylor and Francis
260 _c2002
365 _a
365 _b480
856 _uhttp://www.taylorfrancis.com/books/9780429174926
942 _cEBOOK
999 _c1795542
_d1795542